| 000 | 00750na a2200241 4500 | ||
|---|---|---|---|
| 001 | 18375 | ||
| 003 | MIRAKIL | ||
| 005 | 20181213155034.0 | ||
| 008 | 161117b tu 000 0 | ||
| 020 | _a9751905818 | ||
| 040 |
_aMilas _btur _cTR-AnCHP |
||
| 041 | _atur | ||
| 082 |
_a337.142 _bA12t 1992 |
||
| 090 | _a337.142 A12t 1992 | ||
| 100 | _aAcar, Muhittin | ||
| 245 |
_aTürkiye-Avrupa Topluluğu ilişkilerinin hükümet programlarında ve kalkınma planlarında ele alınışı _cMuhittin Acar |
||
| 260 |
_aAnkara _bDPT _c1992 |
||
| 300 |
_a40 s. _c23 sm. |
||
| 504 | _aKaynakça var. | ||
| 650 |
_aAvrupa Ekonomik Topluluğu _xEkonomik ilişkiler _zTürkiye |
||
| 651 |
_aTürkiye _xEkonomi _yHükümet programları |
||
| 942 |
_2ddc _cBKS |
||
| 999 |
_c5365 _d5365 |
||